Regional- und Minderheitssprachen in Europa nach Ländern - Statistiken

Allgemein
  • Dieses Quiz wurde 27 mal gespielt
  • Das Durchschnittsergebnis liegt bei 22 aus 98
Antwortstatistiken
Länder Antwort % Korrekt
Italien, Litauen, Polen, Slowakei, Slowenien, Ungarn Deutsch
88%
Schweiz Englisch
80%
Andorra, Italien Französisch
80%
Estland, Finnland, Griechenland, Lettland, Litauen, Moldau, Polen, Ukraine Russisch
80%
Kroatien, Malta, Monaco, Slowenien Italienisch
76%
Kroatien, Montenegro, Nordmazedonien, Schweiz, Slowenien, Ungarn Serbisch
76%
Albanien, Italien Griechisch
68%
Montenegro, Schweiz, Serbien, Slowakei, Slowenien, Ungarn Kroatisch
68%
Griechenland, Italien, Kroatien, Montenegro, Schweiz, Serbien Albanisch
64%
Frankreich, Italien, Spanien Katalanisch
64%
Belarus, Litauen, Slowakei Polnisch
64%
Griechenland, Serbien, Ukraine Rumänisch
64%
Bulgarien, Griechenland, Nordmazedonien, Schweiz Türkisch
64%
Kroatien, Rumänien, Serbien, Slowakei, Slowenien, Ukraine Ungarisch
64%
Frankreich, Spanien Baskisch
60%
Slowakei Bulgarisch
60%
Litauen Lettisch
60%
Italien, Kroatien, Ungarn Slowenisch
60%
Andorra, Schweiz Spanisch
60%
Kroatien, Polen, Slowakei, Österreich Tschechisch
60%
Montenegro, Kroatien, Schweiz Bosnisch
56%
Deutschland Dänisch
56%
Polen, Tschechien, Serbien, Ungarn, Österreich Slowakisch
56%
Litauen, Moldau, Polen, Slowakei Ukrainisch
52%
Andorra, Luxemburg, Schweiz Portugiesisch
48%
Vereinigtes Königreich Irisch
44%
Polen Litauisch
44%
Albanien, Griechenland Mazedonisch
44%
Belgien Luxemburgisch
40%
Bulgarien, Finnland, Griechenland, Nordmazedonien, Norwegen, Polen, Slowakei, Slowenien, Spanien, Ungarn Romani
36%
Frankreich Flämisch
28%
Bulgarien, Polen Armenisch
24%
Schweiz Montenegrinisch
24%
Belgien Wallonisch
24%
Litauen, Polen Belarussisch
20%
Frankreich Bretonisch
20%
Spanien Galicisch
16%
Italien Ladinisch
16%
Frankreich Korsisch
12%
Belgien Limburgisch
12%
Monaco Monegassisch
12%
Frankreich, Italien Okzitanisch
12%
Italien Sardisch
12%
Litauen, Polen Tatarisch
12%
Frankreich Elsässisch
8%
Finnland Karelisch
8%
Vereinigtes Königreich Kornisch
8%
Portugal Mirandes
8%
Deutschland Nordfriesisch
8%
Ungarn Romänisch
8%
Spanien Aragonesisch
4%
Spanien Asturisch
4%
Dänemark Färörisch
4%
Dänemark Grönländisch
4%
Polen, Schweden, Schweiz Jiddisch
4%
Polen Kaschubisch
4%
Ukraine Krimtatarisch
4%
Tschechien Mährisch
4%
Deutschland Niederdeutsch
4%
Deutschland, Kroatien, Norwegen, Österreich Romanes
4%
Slowakei Ruthenisch
4%
Vereinigtes Königreich Scots
4%
Niederlande Westfriesisch
4%
Spanien Aranesisch
0%
Albanien, Griechenland Aromunisch
0%
Belgien Champenois
0%
Russland finnougrische Sprachen
0%
Frankreich, Italien Franko-Provenzialisch
0%
Italien Furlanisch
0%
Moldau Gagauisch
0%
Slowenien Gottscheerische
0%
Polen Hebräisch
0%
Schweiz Jenisch
0%
Luxemburg jenische Sprache
0%
Litauen, Polen Karaimisch
0%
Norwegen Kvenisch
0%
Griechenland Ladino
0%
Polen Lemko
0%
Frankreich Lothringisch
0%
Italien Molisekroatisch
0%
Deutschland Niedersorbisch
0%
Russland nordostkaukasische Sprachen
0%
Deutschland Obersorbisch
0%
Frankreich Oil-Sprachen
0%
Belgien Picardisch
0%
Belgien Ripuarisch
0%
Belgien romanisches Lothringisch
0%
Serbien Russinisch
0%
Finnland samische Sprachen
0%
Deutschland Saterfriesisch
0%
Ukraine Surschyk
0%
Spanien Tamazight
0%
Schweiz Tamil
0%
Schweiz Tigrinya
0%
Belarus Trassjanka
0%
Russland Turksprachen
0%
Vereinigtes Königreich Ulster Scots
0%
Nordmazedonien Walachisch
0%
Keine übereinstimmenden Quizze gefunden
Verteilung der Resultate
Anzahl Personen mit jedem Resultat
Perzentil nach korrekt beantworteten Fragen
Ihre Resultats-Entwicklung
Sie haben dieses Quiz noch nicht gespielt